000 00295nam a2200121Ia 4500
008 140130s9999 xx 000 0 und d
245 _cButler, Daniel
_aWorld's dumbest criminals
260 _bScholastic,
_c1997
440 _v1
521 _aGrade 7 - Grade 12
942 _cBK
999 _c41347
_d41347